logo

Bir Sreshtho Munshi Abdur Rouf Library
Jhenaidah Cadet College

The Third Planet an Invitation to Geology / (Record no. 4595)

MARC details
000 -LEADER
fixed length control field 00540nam a2200205 a 4500
001 - CONTROL NUMBER
JCCL Control Number 4595
003 - CONTROL NUMBER IDENTIFIER
JCCL marc code BD-JhCC
005 - DATE AND TIME OF LATEST TRANSACTION
control field 20171128191510.0
008 - FIXED-LENGTH DATA ELEMENTS--GENERAL INFORMATION
fixed length control field 171128s1972 cau |||| |||| 000 0 eng d
035 ## - SYSTEM CONTROL NUMBER
system control number (BD-JhCC)
040 ## - CATALOGING SOURCE
Original cataloging agency BD-JhCC
Modifying agency BD-JhCC
041 ## - LANGUAGE CODE
Language code of Book eng
082 ## - DEWEY DECIMAL CLASSIFICATION NUMBER
Classification number 550
Author mark and Year KRA 1972
100 ## - MAIN ENTRY--PERSONAL NAME
Personal name Krauskopf, Konrad B.
245 ## - TITLE STATEMENT
Title The Third Planet an Invitation to Geology /
Statement of responsibility, etc Konrad B. Krauskopt
260 ## - PUBLICATION, DISTRIBUTION, ETC. (IMPRINT)
Place of publication, distribution, etc Caliofrnia:
Name of publisher, distributor, etc Freeman, Cooper & Company;
Date of publication, distribution, etc 1972
300 ## - PHYSICAL DESCRIPTION
Pagination 523 p.;
Dimensions 24 cm
650 ## - SUBJECT ADDED ENTRY--TOPICAL TERM
Topical term or geographic name as entry element Geology
942 ## - ADDED ENTRY ELEMENTS (KOHA)
Source of classification or shelving scheme Dewey Decimal Classification
Koha item type Books
Holdings
Source of classification or shelving scheme Damaged status Not for loan Home library Current library Shelving location Date of accession Total Checkouts Full call number Barcode Date last seen Copy number Koha item type
Dewey Decimal Classification     JCC Rouf Library JCC Rouf Library General Stacks 11/28/2017   550 KRA 1972 6538 11/28/2017 C-1 Books

JCC Library | Contacts | JCC Home

Last Update on 23 September 2017
Copyright @ 2017-2020 JCC Rouf Library
Rouf Library, Jhenidah Cadet College (JCC), Bangladesh